000 00461nam a2200181Ia 4500
001 8339
005 20260306160602.0
008 260306t2001||||xx |||||||||||||| ||spa||
041 _aESP
082 _a370.192
_bC15
100 _aPerú. IPAE
_eAUT
245 0 _aPerú:
_b¿en qué país queremos vivir?: la apuesta por la educación y cultura
260 _c2001
300 _apágs. :
_c24 cm.
650 _aGEN
654 _aCED
942 _cLIB
_dJUS
_fJUS
_2ddc
_n
999 _c8339
_d8339